000 00690cam a22002293a 4500
001 42370
003 PGUSA
005 20140828083947.0
008 130318s2013||||xxu|||||s|||||000 | eng d
040 _aPGUSA
_beng
042 _adc
100 1 _aRichmond, Grace S.
_q(Grace Smith),
_d1866-1959
245 1 0 _aRound the Corner in Gay Street
_h[electronic resource] /
_cGrace S. Richmond
260 _bProject Gutenberg,
_c2013
506 _aPublic domain in the USA.
516 _aElectronic text
700 1 _aRelyea, C. M.
_q(Charles M.),
_d1863-1932
700 1 _aThurston, Maud
830 0 _aProject Gutenberg
_v42370
856 4 0 _uhttp://www.gutenberg.org/ebooks/42370
942 _cEB
999 _c271622
_d271622